Naufrágio na ilha dos piratas (Registo nº 1052)
[ vista simples ]
| 000 -Etiqueta do registo | |
|---|---|
| Cabeçalho | 01154nam a2200373 i 4500 |
| 005 - Identificador da versão | |
| Campo de controlo | 20240813121824.0 |
| 010 ## - Número internacional normalizado dos livros (ISBN) | |
| Número (ISBN) | 9789722339360 |
| 021 ## - Número do Depósito Legal | |
| Código do país | PT |
| Número | 273184/08 |
| 035 ## - Other System Control Numbers | |
| System Control Number | 0001101 |
| 100 ## - Dados gerais de processamento | |
| Dados gerais de processamento | 20091105d2008 dc y0pory5003 ba |
| 102 ## - Pais de publicação ou produção | |
| País de publicação | Portugal |
| 101 1# - Língua de publicação | |
| Língua do texto, banda sonora, etc. | Português |
| Língua do documento no original | Italiano |
| 106 ## - Campo de dados codificados: material textual | |
| Dados codificados do material textual | r |
| 105 ## - Campo de dados codificados: livros | |
| Dados codificados dos livros | a z 000fy |
| 215 ## - Descrição física | |
| Indicação específica da natureza do documento e extensão da espécie | 113, [13] p. |
| Outras indicações físicas | il. |
| Dimensões | 19 cm |
| 200 1# - Titulo e menção de responsabilidade | |
| Título próprio | Naufrágio na ilha dos piratas |
| Primeira menção de responsabilidade | Geronimo Stilton |
| Outras menções de responsabilidade | il. Larry Keys, Johnny Stracchino, Mary Fontina |
| -- | trad. Carlos Grifo Babo |
| 225 2# - Colecção | |
| Título próprio da colecção | Geronimo Stilton |
| Indicação de volume | 22 |
| 205 ## - Menção da edição | |
| Menção da edição | 1a ed |
| 210 ## - Publicação, Distribuição, etc. | |
| Lugar da edição, distribuição, etc. | Lisboa |
| Nome do editor, distribuidor, etc. | Presença |
| Data da publicação, distribuição, etc. | 2008 |
| 304 ## - Notas relativas a título e menção de responsabilidade | |
| Texto da nota | Tít. orig.: L'isola del tesoro fantasma |
| 675 ## - Classificação Decimal Universal (CDU) | |
| Notação | 087.5 |
| Edição | BN |
| Língua da edição | por |
| Notação | 821.131.1-93"20" |
| Edição | BN |
| Língua da edição | por |
| Notação | 821.131.1-34"20" |
| Edição | BN |
| Língua da edição | por |
| 702 #1 - Nome de autor-pessoa física (responsabilidade secundária) | |
| Número de registo de entrada de autoridade | 0001202 |
| Palavra de ordem | Keys |
| Outra parte do nome não tomada para palavra de ordem | Larry |
| Código de função | Ilustrador / Técnico de desenho computorizado |
| Número de registo de entrada de autoridade | 0001428 |
| Palavra de ordem | Stracchino |
| Outra parte do nome não tomada para palavra de ordem | Johnny |
| Código de função | Ilustrador / Técnico de desenho computorizado |
| Número de registo de entrada de autoridade | 0001429 |
| Palavra de ordem | Fontina |
| Outra parte do nome não tomada para palavra de ordem | Mary |
| Código de função | Ilustrador / Técnico de desenho computorizado |
| Número de registo de entrada de autoridade | 0001204 |
| Palavra de ordem | Babo |
| Outra parte do nome não tomada para palavra de ordem | Carlos Grifo |
| Datas | 1919- |
| Código de função | Tradutor |
| 700 #1 - Nome de autor-pessoa física (responsabilidade principal) | |
| Número de registo de entrada de autoridade | 0001427 |
| Palavra de ordem | Stilton |
| Outra parte do nome não tomada para palavra de ordem | Geronimo |
| Elementos de identificação ou distinção | pseud. |
| 900 ## - | |
| -- | BIBNAC |
| -- | 20091217 |
| 942 ## - Elementos de entrada adicionados (Koha) | |
| Tipo de item no Koha | Livro |
| Situação do levantamento | Origin of item (home branch) (coded) | Biblioteca de empréstimo | Código de barras | Cota | Circulation type (not for loan) | Tipo de documento | Nota do exemplar | Damaged status |
|---|---|---|---|---|---|---|---|---|
| Biblioteca Escolar Eng. Nuno Mergulhão | Biblioteca Escolar Eng. Nuno Mergulhão | BENM1909 | 8EST STI | Livro | Sem mensagem |
